2023 NFL Starting QBs' Colleges - Statistics

General Stats
  • This quiz has been taken 169 times
  • The average score is 26 of 34
Answer Stats
Hint Answer % Correct
Joe Burrow LSU
99%
Jalen Hurts Oklahoma
94%
Trevor Lawrence Clemson
93%
Lamar Jackson Louisville
93%
Justin Fields Ohio State
93%
Baker Mayfield Oklahoma
93%
Justin Herbert Oregon
93%
Patrick Mahomes Texas Tech
93%
Josh Allen Wyoming
93%
Tua Tagovailoa Alabama
90%
Mac Jones Alabama
89%
Bryce Young Alabama
89%
Jared Goff California
87%
C.J. Stroud Ohio St.
87%
Kyler Murray Oklahoma
87%
Kenny Pickett Pittsburgh
87%
Zach Wilson BYU
83%
Brock Purdy Iowa St.
82%
Matt Stafford Georgia
81%
Will Levis Kentucky
79%
Daniel Jones Duke
78%
Russell Wilson Wisconsin
78%
Dak Prescott Mississippi St.
76%
Derek Carr Fresno State
71%
Kirk Cousins Michigan St.
71%
Jordan Love Utah St.
71%
Joe Flacco Delaware
67%
Geno Smith West Virginia
64%
Sam Howell North Carolina
61%
Desmond Ridder Cincinnati
56%
Joshua Dobbs Tennessee
51%
Aidan O'Connell Purdue
46%
Tommy Devito Illinois
45%
Gardner Minshew II East Carolina
21%
No matching quizzes found
Score Distribution
Percent of People with Each Score
Percentile by Number Answered
Your Score History
You have not taken this quiz